<?xml version="1.0" encoding="UTF-8"?>
<record
    xmlns:xsi="http://www.w3.org/2001/XMLSchema-instance"
    xsi:schemaLocation="http://www.loc.gov/MARC21/slim http://www.loc.gov/standards/marcxml/schema/MARC21slim.xsd"
    xmlns="http://www.loc.gov/MARC21/slim">

  <leader>02200agaaa2200313   4500</leader>
  <controlfield tag="001">7855</controlfield>
  <controlfield tag="003">IT-RoPAU</controlfield>
  <controlfield tag="005">20220918181244.0</controlfield>
  <controlfield tag="007">d cvaizq</controlfield>
  <controlfield tag="008">50131s9999||||xx ||| |     ||   ||und||</controlfield>
  <datafield tag="040" ind1=" " ind2=" ">
    <subfield code="a">IT-RoPAU</subfield>
    <subfield code="c">IT-RoPAU</subfield>
  </datafield>
  <datafield tag="041" ind1=" " ind2=" ">
    <subfield code="a">ITALIANO</subfield>
  </datafield>
  <datafield tag="100" ind1=" " ind2=" ">
    <subfield code="a">Antonioni Michelangelo</subfield>
    <subfield code="g">Codice regista SPICS: 9853</subfield>
    <subfield code="9">46422</subfield>
  </datafield>
  <datafield tag="130" ind1=" " ind2=" ">
    <subfield code="a">PROFESSIONE: REPORTER</subfield>
    <subfield code="9">46423</subfield>
  </datafield>
  <datafield tag="245" ind1=" " ind2=" ">
    <subfield code="a">PROFESSIONE: REPORTER</subfield>
    <subfield code="c">Prodotto da: Ponti Carlo -- Sceneggiatura: Peploe Mark Wollen Peter Antonioni Michelangelo -- Diretto da: Antonioni Michelangelo</subfield>
    <subfield code="p">PROFESSIONE: REPORTER (Rif. Codice opera principale : H7855)</subfield>
  </datafield>
  <datafield tag="250" ind1=" " ind2=" ">
    <subfield code="a">Edizione Standard</subfield>
  </datafield>
  <datafield tag="260" ind1=" " ind2=" ">
    <subfield code="a">ROMA - PARIGI (ITALIA)</subfield>
    <subfield code="b">CHAMPION - LES FILMS CONCORDIA / Distribuzione: MESSAGGERIE MUSICALI</subfield>
    <subfield code="g">"1974 (1&#xB0; ed.: 2007 ; Ed. Lingua Orig.: 1974)"</subfield>
  </datafield>
  <datafield tag="300" ind1=" " ind2=" ">
    <subfield code="a">DVD</subfield>
    <subfield code="b">sonoro, col.</subfield>
    <subfield code="c">121 minuti</subfield>
  </datafield>
  <datafield tag="508" ind1=" " ind2=" ">
    <subfield code="a">"Fotografia: Tovoli Luciano; Montaggio: Arcalli Franco; Musica: Peticca Sandro; Sceneggiatura: Peploe Mark Wollen Peter Antonioni Michelangelo; Scenografia: Poletto Piero; "</subfield>
  </datafield>
  <datafield tag="511" ind1=" " ind2=" ">
    <subfield code="a">"Nicholson Jack; Schneider Maria; Runacre Jenny; Hendry Jan; Berkoff Steven; Caffarel "</subfield>
  </datafield>
  <datafield tag="520" ind1=" " ind2=" ">
    <subfield code="a">"DAVID LOCKE, BRILLANTE GIORNALISTA ANGLO-AMERICANO, VIENE INVIATO IN AFRICA PER UN SERVIZIO SULLA GUERRIGLIA. MENTRE SI TROVA IN ALBERGO, CASUALMENTESCOPRE IL CADAVERE DI UN UOMO E, INVECE DI DENUNCIARE LA SUA SCOMPARSA, DECIDE DI ASSUMERNE L'IDENTITA'. SEDOTTO DA QUESTA AVVENTURA PERCHE' STANCO DELLA PROPRIA VITA, BEN PRESTO SI ACCORGERA' DI ESSERE COINVOLTO IN UN GIOCOPIU' GRANDE DI LUI. FULM SUGGESTIVO E VISIONARIO, VINCITORE DI DUE NASTRI D'ARGENTO PER LA MIGLIOR REGIA E LA MIGLIORE FOTOGRAFIA. CONTENUTI EXTRA: COMMENTO DI JACK NICHOLSON; COMMENTO DELLO SCENEGGIATORE MARK PEPLOE E DELLAGIORNALISTA AURORA IRVINE; TRAILER CINEMATOGRAFICO."</subfield>
  </datafield>
  <datafield tag="538" ind1=" " ind2=" ">
    <subfield code="a">PAL, STEREO</subfield>
  </datafield>
  <datafield tag="546" ind1=" " ind2=" ">
    <subfield code="a">ITALIANO</subfield>
  </datafield>
  <datafield tag="650" ind1=" " ind2=" ">
    <subfield code="a">DRAMMATICO</subfield>
    <subfield code="e">DVD-FILM [DVD]</subfield>
    <subfield code="x">Codice MATERIA SPICS: 9947</subfield>
    <subfield code="9">46424</subfield>
  </datafield>
  <datafield tag="700" ind1=" " ind2=" ">
    <subfield code="a">Antonioni Michelangelo </subfield>
    <subfield code="e">(regista)</subfield>
    <subfield code="g">Codice regista SPICS: 9853</subfield>
    <subfield code="9">46425</subfield>
  </datafield>
  <datafield tag="700" ind1=" " ind2=" ">
    <subfield code="a">Peploe Mark </subfield>
    <subfield code="e">(soggetto)</subfield>
    <subfield code="g">Codice Soggetto SPICS: 48283</subfield>
    <subfield code="9">46426</subfield>
  </datafield>
  <datafield tag="700" ind1=" " ind2=" ">
    <subfield code="a">Peticca Sandro</subfield>
    <subfield code="e">(musica)</subfield>
    <subfield code="g">Codice Musica SPICS: 48282</subfield>
    <subfield code="9">46427</subfield>
  </datafield>
  <datafield tag="942" ind1=" " ind2=" ">
    <subfield code="c">DV</subfield>
    <subfield code="2">ddc</subfield>
  </datafield>
  <datafield tag="999" ind1=" " ind2=" ">
    <subfield code="c">106351</subfield>
    <subfield code="d">106351</subfield>
  </datafield>
  <datafield tag="952" ind1=" " ind2=" ">
    <subfield code="0">0</subfield>
    <subfield code="1">0</subfield>
    <subfield code="4">0</subfield>
    <subfield code="6">H_7855_000000000000000</subfield>
    <subfield code="7">1</subfield>
    <subfield code="a">SPICS</subfield>
    <subfield code="b">SPICS</subfield>
    <subfield code="d">2015-01-31</subfield>
    <subfield code="l">0</subfield>
    <subfield code="o">H7855</subfield>
    <subfield code="r">2015-01-31 00:00:00</subfield>
    <subfield code="w">2015-01-31</subfield>
    <subfield code="y">DV</subfield>
    <subfield code="z">Progr. Ins.: 3614 / N.Vol.:1 / Copie: 1 / Pag.:0 / Copia rara: n.d. / date import: 1.2.2015 / By Epidotti, Trombetti, Vaglietti</subfield>
  </datafield>
</record>
